Statistics for Formula 1: Home win with home team

Click here to take the quiz!

General Stats

  • This quiz has been taken 123 times
  • The average score is 15 of 19

Answer Stats

YearConstructorAnswer% Correct
2014MercedesNico Rosberg
99%
1951FerrariAlberto Ascari
97%
1952FerrariAlberto Ascari
97%
1950Alfa RomeoGiuseppe Farina
97%
1981RenaultAlain Prost
91%
1983RenaultAlain Prost
91%
1962Lotus-ClimaxJim Clark
87%
1963Lotus-ClimaxJim Clark
87%
1964Lotus-ClimaxJim Clark
87%
1965Lotus-ClimaxJim Clark
87%
1967Lotus-CosworthJim Clark
87%
1971Tyrrell-CosworthJackie Stewart
77%
1957VanwallStirling Moss
74%
1982RenaultRene Arnoux
71%
1977McLaren-CosworthJames Hunt
67%
1957VanwallTony Brooks
45%
1981McLaren-CosworthJohn Watson
44%
1979RenaultJean-Pierre Jabouille
40%
1966FerrariLudovico Scarfiotti
28%

Score Distribution

Percentile by Number Answered

Percent of People with Each Score

Your Score History

You have not taken this quiz